| 000 | 00858 a2200217 4500 | ||
|---|---|---|---|
| 001 | 19 | ||
| 005 | 20260407155402.0 | ||
| 008 | 260407a2006 arg spa d | ||
| 003 | AR-UNSa-BCEJYS | ||
| 040 |
_aAR-UNSa-BCEJYS _bspa _cAR-UNSa-BCEJYS |
||
| 080 |
_a658.16 _xReorganización financiera (Proyectos de inversión) |
||
| 245 | 1 | 0 | _aEvaluación de proyectos |
| 020 | _a978-970-10-5687-5 | ||
| 250 | _a5a. ed. | ||
| 264 | 1 |
_aMéxico : _bMcGraw-Hill _c2006 |
|
| 300 |
_axiv, 392 p. _c24 cm |
||
| 505 | _a1. Elementos conceptuales y preparación de la evaluación - 2. Estudio del mercado - 3. Estudio Técnico - 4. Estudio económico - 5. Evaluación económica - 6. Análisis y administración del riesgo - 7. Evaluación de proyectos en centros de cómputos | ||
| 942 | _cBK | ||
| 590 | _aniveau_biblio:m niveau_hierar:0 | ||
| 100 | 1 | _aBaca Urbina, Gabriel | |
| 999 |
_c15 _d15 |
||